[Event "European Blitz-ch 2018"]
[Site "Skopje"]
[Date "2018.12.06"]
[Round "2"]
[White "Maloberti, David"]
[Black "Pancevski, Filip"]
[Result "0-1"]
[WhiteElo "2122"]
[BlackElo "2495"]
[Annotator "TA"]
[PlyCount "110"]
[EventDate "2018.12.06"]
[EventType "swiss"]
[EventCountry "MKD"]
[SourceTitle "playchess.com"]
[Source "ChessBase"]
[SourceQuality "1"]

{[%evp 19,110,22,27,33,23,-53,9,-31,-31,-239,-239,-233,-142,-128,-63,-115,-122,-118,-89,-179,-69,-179,-108,-169,-79,-51,12,-141,19,-120,-27,-38,0,-113,-80,-352,-277,-555,-555,-1018,-1018,-1331,-1189,-1492,-1485,-1479,-922,-911,-899,-836,-787,-771,-763,-695,-415,-413,-400,-410,-406,-582,-574,-548,-532,-648,-650,-833,-829,-814,-804,-857,-823,-2401,-952,-928,-899,-29978,-29974,-29982,-29983,-29983,-29982,-29997,-29985,-29991,-29991,-29991,-29992,-29992,-29993,-29993,-29994,-29994,-29995]} 1. d4 Nf6 2. c4 g6 3. Nc3 Bg7 4. e4 d6 5. Nf3 O-O 6. Be2 e5 7. O-O Nc6 8. d5 Ne7 9. Be3 Ng4 10. Bd2 {E97: King's Indian: Classical Main Line (6...e5 7 0-0 Nc6): 8 Be3 and 8 d5 Ne7, not 9 Ne1} (10. Bg5 f6 11. Bh4 Nh6 12. Nd2 g5 13. Bg3 Ng6 14. Re1 Nf4 15. Bf1 g4 16. Rc1 f5 17. exf5 Nxf5 18. Bxf4 exf4 19. Qxg4 Ne3 20. Qe2 Bg4 21. Qd3 {½-½ (62) Paravyan,D (2528)-Smirin,I (2685) St Petersburg 2016}) 10... f5 {LiveBook: 35 Games} 11. h3 Nf6 12. Ng5 $146 (12. exf5 $11 Nxf5 13. Bd3) ({Predecessor:} 12. Rc1 a5 13. Bd3 f4 14. c5 dxc5 15. Na4 b6 16. Bc3 g5 17. Nxe5 Nd7 {½-½ (38) Jemec,V (2408)-Grego,L (2319) ICCF email 2015}) 12... c6 (12... h6 $15 13. Ne6 Bxe6 14. dxe6 fxe4) 13. dxc6 bxc6 14. Bf3 $2 (14. exf5 $1 $15 Nxf5 15. Rc1) 14... h6 $19 {[%mdl 64] [#] Trapped Piece} 15. exf5 hxg5 16. fxg6 d5 ({Better is} 16... Bf5 $17 17. Bxg5 Bxg6) 17. Bxg5 (17. cxd5 $15 cxd5 18. Bxg5) 17... e4 $17 18. Be2 Be6 19. Be3 (19. cxd5 $17 {was necessary.} cxd5 20. Nb5) 19... Nf5 ({Don't do} 19... dxc4 20. Bc5 $17) (19... Qe8 $19 20. Bc5 Qxg6 21. Bxe7 Bxh3) 20. Bc5 (20. Bg5 $1 $15) 20... Re8 (20... d4 $19 21. Bxf8 Bxf8) 21. Bg4 (21. cxd5 $17 cxd5 22. Bb5) 21... Qa5 (21... dxc4 $19 {And now ...Qa5 would win.} 22. Qe2 Nxg4 23. Qxg4 Qh4) 22. b4 Qa3 (22... Qd8 $15 23. cxd5 cxd5) 23. Rc1 $2 (23. cxd5 $11 Rad8 24. Rc1) 23... Rad8 $2 ({Black should play} 23... dxc4 $17 24. Qe1 Nd7 25. Qxe4 Nxc5 26. bxc5 Qxc5) 24. Qe2 (24. cxd5 $11 a6 25. Qc2 (25. dxe6 $2 Rxd1 26. Rcxd1 Ne7 $19) 25... cxd5 26. Bxf5 Bxf5 27. Rb1) 24... Qa6 ({Black should try} 24... Nxg4 $17 25. hxg4 Nh4) 25. b5 $11 cxb5 26. cxb5 (26. Nxb5 $11 {keeps the balance.} Rd7 27. cxd5 Nxd5 28. a4 (28. Qxe4 Nf6 $15)) 26... Qb7 $36 {[%mdl 2048] White must now prevent ...d4. Black is in control.} 27. a4 $2 {[%mdl 8192]} (27. Bxf5 $17 Bxf5 28. Qe3) 27... d4 $19 {[%cal Bd5d4,Bd4d3][%mdl 32]} 28. Na2 $2 (28. Bxf5 Bxf5 29. Na2) 28... d3 29. Qb2 Nxg4 {[%mdl 64] Discovered Attack} 30. Qa3 Ne5 31. Nb4 Nh4 32. Be3 Nc4 33. Rxc4 Bxc4 34. Nc6 Rc8 35. Qc5 Be6 36. Qh5 Nxg6 37. Qxg6 Qf7 38. Qg3 {[#]} a6 $1 39. Qd6 (39. Nd4 {was the only defense.}) (39. bxa6 Rxc6) 39... axb5 40. axb5 Qd7 41. Qb4 Bd5 42. Rc1 Bxc6 43. bxc6 Rxc6 44. Rb1 Rg6 {Hoping for ...Qxh3.} 45. g4 Qf7 46. Qb5 Bh6 47. Bd4 e3 {Black mates.} 48. Bxe3 Bxe3 49. fxe3 Rxe3 50. Qh5 Re8 51. Rd1 Qa7+ 52. Kh1 Qb7+ 53. Kg1 Qb6+ 54. Kh1 Qc6+ 55. Kg1 Re2 {Accuracy: White =  5%, Black = 44%.} 0-1

[Event "European Blitz-ch 2018"]
[Site "Skopje"]
[Date "2018.12.06"]
[Round "2"]
[White "Agafonov, Yuri Dr"]
[Black "Jirovsky, Milos"]
[Result "1/2-1/2"]
[WhiteElo "2118"]
[BlackElo "2448"]
[Annotator "TA"]
[PlyCount "62"]
[EventDate "2018.12.06"]
[EventType "swiss"]
[EventCountry "MKD"]
[SourceTitle "playchess.com"]
[Source "ChessBase"]
[SourceQuality "1"]

{[%evp 19,62,0,0,0,0,0,0,0,0,0,0,-14,-3,-20,0,-17,-22,-25,-21,-76,0,-33,0,-10,0,0,0,0,12,0,20,0,0,0,0,-65,262,262,262,262,262,262,315,309,308]} 1. Nf3 d5 2. c4 e6 3. b3 Nf6 4. Bb2 Be7 5. g3 O-O 6. Bg2 b6 7. cxd5 exd5 8. O-O Bb7 9. d4 Nbd7 10. Nc3 Ne4 {LiveBook: 23 Games} 11. Nxe4 {E17: Queen's Indian: 4 g3 Bb7 5 Bg2 Be7} (11. Rc1 Re8 12. Qc2 Nxc3 13. Bxc3 Bd6 {½-½ (13) Alterman,B (2570)-Rozentalis,E (2588) Israel 2011}) 11... dxe4 12. Ne5 Nxe5 13. dxe5 {The position is equal.} Qxd1 14. Rfxd1 Rfd8 15. Bc3 $146 ({Predecessor:} 15. Rac1 c5 16. f4 exf3 17. exf3 a5 18. a4 Bd5 19. Rxd5 Rxd5 {½-½ (34) Garcia,J (2292)-Nguyen,T (2362) Subic Bay 2009}) 15... a5 16. Kf1 Bc5 17. Ke1 Kf8 18. e3 Ke7 19. Bf1 (19. a3 $11) 19... h5 (19... Bb4 $17 20. Bxb4+ axb4) 20. Bc4 Bc6 21. a3 Rxd1+ 22. Kxd1 Rd8+ 23. Kc2 b5 24. Be2 Bb6 (24... b4 {is interesting.} 25. Be1 Bd5 26. axb4 Bxb4 27. Bxb4+ axb4 28. Ra5 g6) 25. Rd1 Rxd1 26. Bxd1 $11 {[%mdl 4096] Endgame KBB-KBB} g6 27. Bd4 (27. b4 $11 axb4 28. axb4) 27... Bd5 $2 {[%mdl 8192]} (27... b4 $1 $15 {keeps the upper hand.}) 28. Bxb6 $18 {White has a decisive advantage.} cxb6 {[#]} 29. Kc3 $1 Ke6 30. Kd4 b4 31. axb4 axb4 {[%mdl 32768] Accuracy: White = 24%, Black = 30%. . An unexpected result.} 1/2-1/2

[Event "European Blitz-ch 2018"]
[Site "Skopje"]
[Date "2018.12.06"]
[Round "2"]
[White "Atanasov, Radislav"]
[Black "Popov, Valerij"]
[Result "0-1"]
[WhiteElo "2115"]
[BlackElo "2532"]
[PlyCount "78"]
[EventDate "2018.12.06"]
[EventType "swiss"]
[EventCountry "MKD"]

{[%evp 22,78,6,12,18,17,25,14,43,-13,0,0,-16,-27,0,0,0,0,0,0,0,0,46,0,44,9,7,-33,0,0,12,7,0,0,16,-3,-3,-9,0,0,0,0,0,0,17,-8,0,-2,0,-55,-64,-63,-60,-87,-58,-37,-17,-1858,-1812]} 1. e4 c6 2. d4 d5 3. exd5 cxd5 4. c4 Nf6 5. Nc3 e6 6. Nf3 Be7 7. cxd5 Nxd5 8. Bd3 O-O 9. O-O Nc6 10. Re1 Ncb4 {D42: Queen's Gambit Declined: Semi-Tarrasch: 5 cxd5 Nxd5 6 e3 Nc6 7 Bd3} (10... Bf6 11. Be4 Nce7 12. Qd3 g6 13. Bh6 Bg7 14. Bg5 f6 15. Bd2 Nxc3 16. Qxc3 Nd5 17. Qb3 b6 18. Bb4 Rf7 19. Nd2 Bb7 20. Ba3 Qd7 21. Nc4 Bf8 22. Bxf8 Rfxf8 {1-0 (48) Ding,L (2778)-Bu,X (2723) Danzhou 2016}) 11. Be4 Nf6 12. Bb1 {LiveBook: 4 Games} b6 {The position is equal.} 13. a3 Nbd5 14. Qd3 Bb7 15. Bg5 (15. Ne5 $14) 15... g6 $11 16. Bh6 Re8 17. Ba2 $146 ({Predecessor:} 17. Ne5 Nxc3 18. bxc3 Nd7 19. Nf3 {1-0 (32) Leveille,F (2287)-Masse,H (2212) Montreal 2016}) 17... Ng4 {[#] And now ...Nxc3 would win.} 18. Bd2 Rc8 19. h3 Ngf6 20. Ne5 Nxc3 21. bxc3 {[%cal Bb2c3,Bc3c4][%mdl 32]} Bd5 22. c4 Ba8 23. Bh6 Nd7 24. Nf3 (24. Nxd7 {feels hotter.} Qxd7 25. d5 Bd6 26. Bb3 exd5 27. Qd4) 24... Bf6 (24... Nc5 $5 25. Qe3 Bxf3 $11) 25. Rad1 $1 Qc7 26. Qe3 Bg7 27. Bf4 Qd8 28. Ne5 Nxe5 29. Bxe5 Qd7 30. Bxg7 Kxg7 31. Qe5+ Kg8 32. h4 Qc6 {[%csl Ga8][%cal Rc6g2] [#]} 33. f3 (33. Qg5 {seems wilder.} h5 34. Re3 Kg7 35. Rf3 Qc7 36. Qf6+) 33... Qc7 34. Qf6 Qe7 35. Qf4 (35. Qxe7 $11 Rxe7 36. d5) 35... Qxa3 $15 36. Rd2 Qb4 37. Rde2 Red8 38. h5 Qd6 39. Qg3 $2 {[%mdl 8192]} (39. Qxd6 $11 Rxd6 40. d5) 39... Qxg3 {Accuracy: White = 51%, Black = 58%.} 0-1

[Event "European Blitz-ch 2018"]
[Site "Skopje"]
[Date "2018.12.06"]
[Round "2"]
[White "Davainis, Marius"]
[Black "Erdos, Viktor"]
[Result "0-1"]
[WhiteElo "2105"]
[BlackElo "2605"]
[Annotator "TA"]
[PlyCount "71"]
[EventDate "2018.12.06"]
[EventType "swiss"]
[EventCountry "MKD"]

{[%evp 26,71,-10,-6,-6,-7,-9,-12,-11,-13,0,-57,-50,-57,-47,-54,-52,-79,-10,-12,-12,-11,-11,-14,0,-20,12,8,21,19,66,-240,-233,-251,-241,-263,-266,-242,-245,-380,-373,-615,-217,-988,-983,-909,-917,-29985]} 1. Nf3 g6 2. c4 Bg7 3. Nc3 c5 4. e3 Nf6 5. d4 cxd4 6. exd4 d5 7. Be2 O-O 8. O-O Nc6 9. h3 dxc4 10. Bxc4 Na5 {D94: Grünfeld: 4 Nf3 Bg7 5 e3} (10... Nd7 11. Be3 Nb6 12. Bb3 Na5 13. Bc2 Nac4 14. Bc1 Bd7 15. Be4 Nd6 16. Bd3 Rc8 17. Re1 e6 18. Bg5 {0-1 (44) Milov,V (2622)-Hansen,E (2584) Dubai 2014}) 11. Be2 b6 12. Be3 Bb7 13. Ne5 Rc8 14. Rc1 {LiveBook: 3 Games} Nd5 15. Nxd5 Qxd5 {[%csl Gb7][%cal Rd5g2] [#]} 16. Bf3 Qxa2 17. Bxb7 Nxb7 {[%cal Ba5b7,Bb7d6,Bd6f5][%mdl 32]} 18. Ra1 (18. Nc6 $1 $11 Bf6 19. d5) 18... Qxb2 $15 19. Rxa7 Nd6 $1 20. Rxe7 Nf5 21. Ra7 $146 ({Predecessor:} 21. Rb7 Nxe3 22. fxe3 Bxe5 23. dxe5 Qxe5 {½-½ (135) Iasman,I (1970)-Videnova,I (2328) Rethymno 2012}) 21... b5 ({Black should play} 21... Bxe5 $17 22. dxe5 Nxe3 23. fxe3 Qxe5) 22. Qb1 $11 Rc2 23. Qxb2 Rxb2 24. Rb7 Rb3 25. Nd7 Rd8 26. Bg5 Ra8 27. Nf6+ Kh8 {[#] Hoping for ...h6.} 28. d5 $2 {[%mdl 8192]} (28. Rxf7 $14 {keeps the upper hand.} Rf8 29. Rxf8+ Bxf8 30. Ra1) 28... h6 $19 29. Ne4 hxg5 30. Nxg5 Kg8 31. Nxf7 Rd3 32. g4 (32. d6 $142 Rf8 33. Ng5) 32... Nh4 33. d6 $2 (33. Ng5 Rxd5 34. Ne6) 33... Rf8 $2 (33... Nf3+ 34. Kg2 Rf8 {[%mdl 64] Trapped Piece}) 34. d7 $2 (34. Ng5) 34... Rxf7 35. Rb8+ Rf8 36. f3 {Accuracy: White = 43%, Black = 49%.} 0-1

[Event "European Blitz-ch 2018"]
[Site "Skopje"]
[Date "2018.12.06"]
[Round "2"]
[White "Krstevski, Vlatko"]
[Black "Ivanisevic, Ivan"]
[Result "0-1"]
[WhiteElo "2096"]
[BlackElo "2603"]
[Annotator "TA"]
[PlyCount "50"]
[EventDate "2018.12.06"]
[EventType "swiss"]
[EventCountry "MKD"]

{[%evp 13,50,0,10,-12,-10,-29,-25,-27,-16,-42,-24,-34,-38,-63,-60,-169,-155,-291,-288,-284,-145,-130,182,173,314,88,268,258,375,336,377,188,184,165,164,178,235,-964,-964]} 1. e4 e5 2. Nf3 Nf6 3. Nc3 d6 4. d4 Nbd7 5. dxe5 dxe5 6. Bc4 Bc5 {C41: Philidor Defence} 7. O-O O-O {LiveBook: 5 Games} 8. Bg5 (8. a3 c6 9. h3 a5 10. Re1 b5 11. Bb3 Qc7 12. Be3 Ba6 13. Nd2 Bxe3 14. Rxe3 {0-1 (51) Dambrauskas,V (2298)-Kunin,V (2555) Vilnius 2018}) 8... h6 {The position is equal.} 9. Bh4 c6 10. h3 $146 ({Predecessor:} 10. Qe2 Qc7 11. a4 Nh5 12. Ba2 Nf4 13. Qc4 Bd6 14. Rfd1 {0-1 (52) Capote Robayna,N (2073)-Brito Garcia,A (2313) Las Palmas 2013}) 10... b5 {[%cal Bb7b5,Bb5b4][%mdl 32]} 11. Bb3 a5 12. a4 b4 13. Ne2 Ba6 14. Re1 (14. c3 $15) 14... g5 $19 15. Nxg5 (15. Ng3 $17 gxh4 16. Nf5) 15... hxg5 16. Bxg5 {[#]} Qb6 ({Black should try} 16... Bxf2+ $1 $19 {[%mdl 512]} 17. Kxf2 Nxe4+ {[%mdl 64] Double Attack} 18. Kg1 Qxg5 19. Qxd7 Qe3+ {[%mdl 64] Double Attack} 20. Kh2 Bxe2 21. Qg4+ Bxg4 22. Rxe3 Bf5) 17. Bh4 $17 Nxe4 $2 {[%mdl 8192]} (17... Kg7 $17 {and life is bright. And now ...Rh8 would win.} 18. Qd2 Bxf2+ $1 {[%mdl 576] Decoy} 19. Bxf2 Qxf2+ 20. Kxf2 Nxe4+ {[%mdl 64] Double Attack} 21. Ke3 Nxd2 22. Kxd2 Nc5) 18. Qxd7 $18 {Black must now prevent Qg4+.} Bxf2+ {[#]} (18... Bc8 $142 19. Qd3 Bxf2+ {[%mdl 64] Double Attack} 20. Kh2 Bxh4) 19. Kh1 $2 (19. Kh2 $1 $18 {and the rest is easy.} Bxh4 20. Qg4+ {[%mdl 64] Double Attack} Ng5 21. Qxh4) 19... Bxh4 $2 (19... Bc8 $16 {is a better defense.} 20. Bxf7+ Kg7) 20. Qg4+ {[%mdl 64] Double Attack} Ng5 (20... Bg5 $142 21. Qxe4 c5) 21. Qxh4 Qe3 22. Ng1 ({But not} 22. Nd4 Qf4 $18) (22. Rf1 $142) 22... Qf4 23. Qh6 Ne6 24. Qh5 Ng7 (24... Rae8 $142) 25. Qe2 $4 {[%mdl 8192]} (25. Qxe5 $18 Qxe5 26. Rxe5) 25... Bxe2 {Accuracy: White = 17%, Black = 17%.} 0-1